000 00403nam a22001457a 4500
020 _a-
082 _a720.952 OTA
100 _aOta, Hirotaro
245 _aJapanese Architecture and Gardens
260 _aTokyo, Japan
_bKokusai Bunka Shinkokai
_c1966
300 _a442p.
500 _aIncludes index
650 _a1. Architecture---Japan 2. Gardens, Japanese---Japan 3. Gardens---Japan
942 _cBK
999 _c13469
_d13469